| 000 | 00920nam a2200205Ia 4500 | ||
|---|---|---|---|
| 003 | OSt | ||
| 005 | 20241030103434.0 | ||
| 007 | ca aa aaaaa | ||
| 008 | 201103s9999 xx 000 0 und d | ||
| 040 | _cSSBUL | ||
| 041 | _abur | ||
| 082 |
_223 _a၂၉၄.၃၄၄၃ သိ _b၉၂၉၆ S-SAT |
||
| 100 | 0 | _aသိရိန္ဒာဘိဝံသ၊ အရှင်(ယောဆရာတော်) | |
| 245 | 1 | 0 |
_aတရားကျေးဇူးစွမ်းရည်ထူး / _cအရှင်သိရိန္ဒာဘိဝံသ(ယောဆရာတော်)။ |
| 260 |
_aရန်ကုန်၊ _bမြစ်သာပုံနှိပ်တိုက်၊ _c၂၀၀၄။ |
||
| 300 |
_a၁၁၇ စာမျက်နှာ ၊ _c၁၆ စင်တီ။ |
||
| 500 | _aS-SAT: Dr. Sai Aung Tun | ||
| 650 |
_aဗုဒ္ဓဘာသာ _xတရားတော် _913507 |
||
| 942 |
_2ddc _cBK1 |
||
| 999 |
_c16740 _d16740 |
||